Detalles MARC
| 000 -LEADER |
| fixed length control field |
01805cam a2200373 i 4500 |
| 001 - CONTROL NUMBER |
| control field |
22830 |
| 003 - CONTROL NUMBER IDENTIFIER |
| control field |
Mx-PuUPA |
| 005 - DATE AND TIME OF LATEST TRANSACTION |
| control field |
20240410103733.0 |
| 008 - FIXED-LENGTH DATA ELEMENTS--GENERAL INFORMATION |
| fixed length control field |
140415s1981 sp r 000 0 spa d |
| 020 ## - INTERNATIONAL STANDARD BOOK NUMBER |
| International Standard Book Number |
9686640150 (obra completa) |
| 020 ## - INTERNATIONAL STANDARD BOOK NUMBER |
| International Standard Book Number |
9686640142 (v.1) |
| 020 ## - INTERNATIONAL STANDARD BOOK NUMBER |
| International Standard Book Number |
9686640266 (v.3) |
| 020 ## - INTERNATIONAL STANDARD BOOK NUMBER |
| International Standard Book Number |
9686640247 (v.4) |
| 020 ## - INTERNATIONAL STANDARD BOOK NUMBER |
| International Standard Book Number |
9686640304 (v.8) |
| 040 ## - CATALOGING SOURCE |
| Description conventions |
rda |
| Original cataloging agency |
Mx-PuUPA |
| Language of cataloging |
spa |
| Transcribing agency |
Mx-PuUPA |
| Modifying agency |
Mx-PuUPA |
| 041 0# - LANGUAGE CODE |
| Language code of text/sound track or separate title |
spa |
| 100 1# - MAIN ENTRY--PERSONAL NAME |
| Personal name |
Copleston, Frederick C., |
| Fuller form of name |
(Frederick Charles), |
| Dates associated with a name |
1907-1994 |
| Relator term |
autor |
| 9 (RLIN) |
3566 |
| 240 10 - UNIFORM TITLE |
| Uniform title |
A history of philosophy. |
| Language of a work |
Español |
| 245 10 - TITLE STATEMENT |
| Title |
Historia de la filosofía / |
| Statement of responsibility, etc. |
Frederick Copleston |
| 264 #1 - PRODUCTION, PUBLICATION, DISTRIBUTION, MANUFACTURE, AND COPYRIGHT NOTICE |
| Place of production, publication, distribution, manufacture |
Barcelona : |
| Name of producer, publisher, distributor, manufacturer |
Ariel, |
| Date of production, publication, distribution, manufacture, or copyright notice |
[1981-1982] |
| 300 ## - PHYSICAL DESCRIPTION |
| Extent |
4 volúmenes (paginación varía) ; |
| Dimensions |
23 cm. |
| 336 ## - CONTENT TYPE |
| Content type term |
texto |
| Fuente |
rdacontent |
| Content type code |
txt |
| 337 ## - MEDIA TYPE |
| Media type term |
sin medio |
| Source |
rdamedia |
| Media type code |
n |
| 338 ## - CARRIER TYPE |
| Carrier type term |
volumen |
| Source |
rdacarrier |
| Carrier type code |
nc |
| 490 0# - SERIES STATEMENT |
| Series statement |
Colección Convivium ; |
| Volume/sequential designation |
9 |
| 500 ## - GENERAL NOTE |
| General note |
Dirección de la edición castellana: Manuel Sacristán |
| 500 ## - GENERAL NOTE |
| General note |
Colección no completa en Biblioteca. |
| 505 8# - FORMATTED CONTENTS NOTE |
| Miscellaneous information |
v.1. |
| Title |
Grecia y Roma / traducción de Juan Manuel García de la Mora. - |
| Miscellaneous information |
v.2. |
| Title |
De San Agustín a Escoto / traducción de Juan Carlos García Borrón. - |
| Miscellaneous information |
v.3. |
| Title |
De Ockham a Suarez / traducción de Juan Carlos García Borrón. - |
| Miscellaneous information |
v.4. |
| Title |
De Descartes a Leibniz / traducción de Juan Carlos García Borrón. edición 1982. - |
| Miscellaneous information |
v.5. |
| Title |
De Hobbes a Hume / traducción de Ana Doménech. - |
| Miscellaneous information |
v.8. |
| Title |
De Bentham a Russell / traducción de Victoria Camps. - |
| Miscellaneous information |
v.9. |
| Title |
De Maine de Biran a Sartre / José Manuel García de la Mora. |
| 650 #7 - SUBJECT ADDED ENTRY--TOPICAL TERM |
| Topical term or geographic name entry element |
Filosofía |
| General subdivision |
Historia |
| Source of heading or term |
armarc |
| 765 08 - ORIGINAL LANGUAGE ENTRY |
| Main entry heading |
Copleston, Frederick C., (Frederick Charles), 1907-1994. |
| Title |
A history of philosophy. |
| 942 ## - ADDED ENTRY ELEMENTS (KOHA) |
| Source of classification or shelving scheme |
Dewey Decimal Classification |
| Koha item type |
Libro |
| Classification part |
109 |
| Item part |
C78 |